000 00663nam a2200241 a 4500
001 BRCA_43
005 20190320202846.0
008 930706s1993 enk#---##b---#001-0#eng-#
020 _a0415057698
020 _a0415057701
040 _aDLC
_cDLC
050 4 _aAM5
_b.I36 1993
100 1 _aAmbrose, Tim
_9195
245 1 0 _aMuseum Basics
_cTimothy Ambrose and Crispin Paine.
260 _aLondon
_bICOM
_c1993
300 _axi, 319 p.
_bil.
_c24 cm.
500 _aIncluye índice y apéndice
504 _aBibliografía: p. 283-294
650 1 4 _aMuseos
_xManuales
_9196
650 1 4 _aMuseografía
_xManuales
_9197
700 1 _aPaine, Crispin
_9198
942 _2lcc
_cB
999 _c43
_d43